| 000 | 00657nam a2200241 a 4500 | ||
|---|---|---|---|
| 001 | BRCA_3635 | ||
| 005 | 20190320204349.0 | ||
| 008 | 260809s1957----sp-a---###---#000-0#spa-# | ||
| 041 | _aspa | ||
| 044 | _asp | ||
| 050 | 4 |
_aN7101 _b.G39 1957 |
|
| 100 | 1 |
_aGaya Nuño, Juan Antonio _95192 |
|
| 245 | 1 | 0 |
_aHistoria del arte español _cJ. A. Gaya Nuño. |
| 250 | _a2 | ||
| 260 |
_aMadrid _bPlus-Ultra _c1957 |
||
| 300 |
_a478 p. _bil. _c20 cm. |
||
| 500 | _aIncluye índice onomástico, índice de láminas e índice de materias | ||
| 500 | _aB303 | ||
| 650 | 1 | 4 |
_aArte español _92063 |
| 650 | 1 | 4 |
_aArte _xHistoria _99431 |
| 902 | _aGFM | ||
| 942 |
_2lcc _cB |
||
| 999 |
_c3370 _d3370 |
||